A Quiz About Seth MacFarlane - Statistics

General Stats
  • This quiz has been taken 40 times
  • The average score is 8 of 20
Answer Stats
Hint Answer % Correct
Animated sitcom starring Peter Griffin Family Guy
97%
Movie about a naughty talking Teddy Bear Ted
88%
Used to air after the above on Sundays American Dad!
65%
Network his shows aired on Fox
65%
He hosted the 85th one of these in 2013 The Oscars
56%
Spinoff of #1 focusing on the Brown-Tubbs family The Cleveland Show
56%
Zoological movie he voiced a mouse in Sing
50%
Outer space sci-fi drama with Capt. Mercer The Orville
47%
His self-starring movie as a sheep farmer A Million Ways to Die in the West
38%
Jazz singer who has influenced his music Frank Sinatra
38%
His sister's name Rachel MacFarlane
38%
Animation Studio he first worked for Hanna-Barbera
35%
State he was born in Connecticut
32%
His production company Fuzzy Door Productions
32%
College he graduated from Rhode Island School of Design
29%
His middle name Woodbury
26%
What is Hyloscirtus sethmacfarlanei? A type of Frog
15%
Bill Nye documentary he wrote and produced The End Is Nye
15%
Fatal flight he missed due to a hangover American Airlines Flight 11
12%
His student thesis film made in the above The Life of Larry
12%
No matching quizzes found
Score Distribution
Percent of People with Each Score
Percentile by Number Answered
Your Score History
You have not taken this quiz